Seals and sealing in the ancient Near East /

Bibliographic Details
Other Authors: Gibson, McGuire, Biggs, Robert D.
Format: Book
Language:English
Published: Malibu, [Calif.] : Undena Publications, 1977.
Series:Bibliotheca Mesopotamica ; v. 6.
Subjects:

MARC

Tag First Indicator Second Indicator Subfields
LEADER 00000cam a2200000 a 4500
001 in00000557521
005 20151014054436.0
008 790502s1977 cauab 00000 engm
010 |a  76044923  
020 |z 0890030235. 
020 |a 0890030227 (pbk.) 
035 |a (OCoLC)03776097 
035 |9 ACK5603AM 
040 |a DLC  |c DLC  |d m.c.  |d TXA  |d UtOrBLW 
043 |a aw----- 
049 |a TXAM  |c [937879] 
050 0 0 |a CD5344  |b .S4 
082 0 |a 737/.0935 
245 0 0 |a Seals and sealing in the ancient Near East /  |c edited by McGuire Gibson and Robert D. Biggs. 
264 1 |a Malibu, [Calif.] :  |b Undena Publications,  |c 1977. 
300 |a 158 pages :  |b illustrations, map ;  |c 29 cm. +  |e microfiche. 
336 |a text  |b txt  |2 rdacontent 
337 |a unmediated  |b n  |2 rdamedia 
338 |a volume  |b nc  |2 rdacarrier 
490 1 |a Bibliotheca Mesopotamica ;  |v v. 6 
650 0 |a Seals (Numismatics)  |z Middle East. 
700 1 |a Gibson, McGuire. 
700 1 |a Biggs, Robert D. 
830 0 |a Bibliotheca Mesopotamica ;  |v v. 6. 
999 |a MARS 
999 f f |s d4e21f29-cbe1-3d0e-b1cb-abc661d32956  |i b9f804fe-edb4-3a62-a192-584a588b03fd  |t 0 
952 f f |p ric  |a Texas A&M University  |b Rellis Campus  |c Joint Library Facility  |d Remote Storage  |t 0  |e CD5344 .S4  |h Library of Congress classification  |i unmediated -- volume  |m A14809018950 
998 f f |a CD5344 .S4  |t 0  |l Remote Storage